El torno y la fresadora

Guardat en:
Dades bibliogràfiques
Autor principal: Nadreau, Robert (autor)
Altres autors: Lorenz Meler, Enrique (autor)
Format: Llibre
Idioma:anglès
espanyol
Publicat: Barcelona, España Editorial Gustavo Gili S.A. 1968
Edició:Cuarta edición
Matèries:
Etiquetes: Afegir etiqueta
Sense etiquetes, Sigues el primer a etiquetar aquest registre!

MARC

LEADER 00000nam a22000007a 4500
003 CL-VaPUC
005 20220630115428.0
008 210624b ||||| |||| 00| 0 eng d
999 |c 433259  |d 433257 
040 |c Pontificia Universidad Católica de Valparaíso 
041 0 |a spa 
082 0 4 |2 21  |a 621.942 NAD 1968 
100 |a Nadreau, Robert  |e autor  |9 861899 
245 1 3 |a El torno y la fresadora 
250 |a Cuarta edición 
260 3 |a Barcelona, España  |b Editorial Gustavo Gili S.A.  |c 1968 
300 |a 631 páginas 
500 |a Donación familia profesor Sergio Soto Silva. Escuela de Mecánica. 
583 |c 20210624  |k Daniel Castañeda 
650 0 0 |a Máquinas y herramientas  |v Fresadoras  |x Tornos  |9 861900 
650 0 0 |a Talleres mecánicos  |9 271561 
700 1 |a Lorenz Meler, Enrique  |e autor  |9 861901 
942 |2 ddc  |c BK 
952 |0 0  |1 0  |2 ddc  |4 0  |6 621_942000000000000_NAD_1968  |7 0  |9 578281  |a BIBMEC  |b BIBMEC  |d 2021-06-24  |i 5622336  |l 1  |o 621.942 NAD 1968  |p 5622336  |r 2024-01-19  |s 2023-11-13  |t 1  |w 2021-06-24  |y BK  |k MEC